<?xml version="1.0" encoding="UTF-8"?>
<record
    xmlns:xsi="http://www.w3.org/2001/XMLSchema-instance"
    xsi:schemaLocation="http://www.loc.gov/MARC21/slim http://www.loc.gov/standards/marcxml/schema/MARC21slim.xsd"
    xmlns="http://www.loc.gov/MARC21/slim">

  <leader>01728    a2200217   4500</leader>
  <controlfield tag="001">25100</controlfield>
  <controlfield tag="005">20260407155534.0</controlfield>
  <controlfield tag="008">260407a1998    arg                 spa d</controlfield>
  <controlfield tag="003">AR-UNSa-BCEJYS</controlfield>
  <datafield tag="040" ind1=" " ind2=" ">
    <subfield code="a">AR-UNSa-BCEJYS</subfield>
    <subfield code="b">spa</subfield>
    <subfield code="c">AR-UNSa-BCEJYS</subfield>
  </datafield>
  <datafield tag="080" ind1=" " ind2=" ">
    <subfield code="a">657.3</subfield>
    <subfield code="x">Presupuestos. Cierre de Cuentas. Balances (Estados Contables)</subfield>
  </datafield>
  <datafield tag="245" ind1="1" ind2="0">
    <subfield code="a">Flujo de fondos, estados contables proyectados y acceso al credito bancario de pymes</subfield>
  </datafield>
  <datafield tag="020" ind1=" " ind2=" ">
    <subfield code="a">978-950-866-017-6</subfield>
  </datafield>
  <datafield tag="264" ind1=" " ind2="1">
    <subfield code="a">Buenos Aires :</subfield>
    <subfield code="b">Reisa</subfield>
    <subfield code="c">1998</subfield>
  </datafield>
  <datafield tag="300" ind1=" " ind2=" ">
    <subfield code="a">456 p.</subfield>
    <subfield code="c">23 cm.</subfield>
  </datafield>
  <datafield tag="505" ind1=" " ind2=" ">
    <subfield code="a">1. Modelo general de la obra - 2. Supuestos b&#xE1;sicos y enfoque de estudio - 3. Metodolog&#xED;a de proyecci&#xF3;n econ&#xF3;mica - 4. Metodolog&#xED;a de proyecci&#xF3;n del flujo de fondos - 5. Metodolog&#xED;a de proyecci&#xF3;n del balance general - 6. Evaluaci&#xF3;n general del negocio - 7. Sensibilidad a variables macro y microecon&#xF3;micos - 8. Topolog&#xED;a de la empresa y su mercado - 9. El producto bruto nacional y la interrelaci&#xF3;n de las cuentas nacionales - 10. Ahorro, inversi&#xF3;n y tasa de inter&#xE9;s - 11. Equilibrio macroeco&#xF3;mico, direcci&#xF3;n de la econom&#xED;a, y problem&#xE1;tica de la vinculaci&#xF3;n internacional - 12. Ley de convertibilidad, apertura de la econom&#xED;a y proyecci&#xF3;n de escenarios macroecon&#xF3;micos - 13. Proyecci&#xF3;n econ&#xF3;mica - 14. Flujo de fondos proyectados - 15. Balance proyectados - 16. Sistema de informaci&#xF3;n - 17. Mercado y competencia - 18. Fortaleza financiera - 19. Gerenciamiento de empresa - 20. Solidez econ&#xF3;mica - 21. Flujo de fondos.Enfoque del analista bancario de cr&#xE9;ditos - 22. Flujo de fondos y cumplimiento con bancos.</subfield>
  </datafield>
  <datafield tag="942" ind1=" " ind2=" ">
    <subfield code="c">BK</subfield>
  </datafield>
  <datafield tag="590" ind1=" " ind2=" ">
    <subfield code="a">niveau_biblio:m niveau_hierar:0</subfield>
  </datafield>
  <datafield tag="100" ind1="1" ind2=" ">
    <subfield code="a">Senderovich, Isaac Aizik</subfield>
  </datafield>
  <datafield tag="700" ind1="1" ind2=" ">
    <subfield code="a">Senderovich, Pablo David</subfield>
  </datafield>
  <datafield tag="999" ind1=" " ind2=" ">
    <subfield code="c">1285</subfield>
    <subfield code="d">1285</subfield>
  </datafield>
  <datafield tag="952" ind1=" " ind2=" ">
    <subfield code="0">0</subfield>
    <subfield code="1">0</subfield>
    <subfield code="4">0</subfield>
    <subfield code="7">0</subfield>
    <subfield code="a">BCEJYS</subfield>
    <subfield code="b">BCEJYS</subfield>
    <subfield code="c">16</subfield>
    <subfield code="d">2026-04-07</subfield>
    <subfield code="l">0</subfield>
    <subfield code="o">657.3 S475f</subfield>
    <subfield code="p">L85270</subfield>
    <subfield code="r">2026-04-07 15:55:34</subfield>
    <subfield code="w">2026-04-07</subfield>
    <subfield code="y">L</subfield>
  </datafield>
  <datafield tag="952" ind1=" " ind2=" ">
    <subfield code="0">0</subfield>
    <subfield code="1">0</subfield>
    <subfield code="4">0</subfield>
    <subfield code="7">0</subfield>
    <subfield code="a">BCEJYS</subfield>
    <subfield code="b">BCEJYS</subfield>
    <subfield code="c">16</subfield>
    <subfield code="d">2026-04-07</subfield>
    <subfield code="l">0</subfield>
    <subfield code="o">657.3 S475f</subfield>
    <subfield code="p">L85266</subfield>
    <subfield code="r">2026-04-07 15:55:34</subfield>
    <subfield code="w">2026-04-07</subfield>
    <subfield code="y">L</subfield>
  </datafield>
  <datafield tag="952" ind1=" " ind2=" ">
    <subfield code="0">0</subfield>
    <subfield code="1">0</subfield>
    <subfield code="4">0</subfield>
    <subfield code="7">0</subfield>
    <subfield code="a">BCEJYS</subfield>
    <subfield code="b">BCEJYS</subfield>
    <subfield code="c">16</subfield>
    <subfield code="d">2026-04-07</subfield>
    <subfield code="l">0</subfield>
    <subfield code="o">657.3 S475f</subfield>
    <subfield code="p">L85267</subfield>
    <subfield code="r">2026-04-07 15:55:34</subfield>
    <subfield code="w">2026-04-07</subfield>
    <subfield code="y">L</subfield>
  </datafield>
  <datafield tag="952" ind1=" " ind2=" ">
    <subfield code="0">0</subfield>
    <subfield code="1">0</subfield>
    <subfield code="4">0</subfield>
    <subfield code="7">0</subfield>
    <subfield code="a">BCEJYS</subfield>
    <subfield code="b">BCEJYS</subfield>
    <subfield code="c">16</subfield>
    <subfield code="d">2026-04-07</subfield>
    <subfield code="l">0</subfield>
    <subfield code="o">657.3 S475f</subfield>
    <subfield code="p">L85268</subfield>
    <subfield code="r">2026-04-07 15:55:34</subfield>
    <subfield code="w">2026-04-07</subfield>
    <subfield code="y">L</subfield>
  </datafield>
  <datafield tag="952" ind1=" " ind2=" ">
    <subfield code="0">0</subfield>
    <subfield code="1">0</subfield>
    <subfield code="4">0</subfield>
    <subfield code="7">0</subfield>
    <subfield code="a">BCEJYS</subfield>
    <subfield code="b">BCEJYS</subfield>
    <subfield code="c">16</subfield>
    <subfield code="d">2026-04-07</subfield>
    <subfield code="l">0</subfield>
    <subfield code="o">657.3 S475f</subfield>
    <subfield code="p">L85269</subfield>
    <subfield code="r">2026-04-07 15:55:34</subfield>
    <subfield code="w">2026-04-07</subfield>
    <subfield code="y">L</subfield>
  </datafield>
</record>
